Loading...
കോന്തല
| Main Author: | |
|---|---|
| Format: | Printed Book |
| Published: |
Kozhikode
Mathrubhumi Books
2016
|
| Subjects: |
| LEADER | 00546nam a22001937a 4500 | ||
|---|---|---|---|
| 003 | OSt | ||
| 020 | |a 9788182669352 | ||
| 082 | |a 920 |b KAL/KO | ||
| 100 | |a Kalpatta Narayanan | ||
| 245 | |a കോന്തല | ||
| 260 | |a Kozhikode |b Mathrubhumi Books |c 2016 | ||
| 300 | |a 95p. | ||
| 500 | |a Konthala | ||
| 534 | |n 2007 | ||
| 546 | |a Malayalam | ||
| 650 | |a Memoir | ||
| 942 | |2 ddc |c BK | ||
| 999 | |c 157188 |d 157188 | ||
| 952 | |0 0 |1 0 |2 ddc |4 0 |6 920_000000000000000_KALKO |7 0 |8 Gen |9 156598 |a KAUCLV |b KAUCLV |c GENERAL |d 2017-07-28 |g 100.00 |o 920 KAL/KO |p 225495 |r 2017-07-28 |y BK | ||